JetPunk will be down very briefly at 3:00PM EST (12:00PM PST, 8:00PM GST)

Statistics for All Modern-Day Countries Ever Controlled by Chinese People

Click here to take the quiz!

General Stats

  • This quiz has been taken 352 times
    (278 since last reset)
  • The average score is 20 of 20

Answers on the Map

Answers color-coded by a green-red scale on the quiz's map according to % correct below.
Loading ...
 

Answer Stats

Countries% Correct
Vietnam
100%
Mongolia
100%
Thailand
100%
South Korea
100%
Russia
100%
Myanmar
100%
North Korea
100%
Laos
100%
Kazakhstan
100%
China
100%
Cambodia
99%
Taiwan
99%
Uzbekistan
99%
Iran
98%
Tajikistan
98%
Turkmenistan
98%
Afghanistan
98%
Kyrgyzstan
97%
Indonesia
96%
Pakistan
95%

Score Distribution

Percentile by Number Answered

Percent of People with Each Score

Your Score History

You have not taken this quiz since the last reset